Представление документа в формате MARC21

ПолеНазваниеЗначение
  Тип записи a
  Библиографический уровень m
001 Контрольный номер RU/URAIT/584090
005 Дата корректировки 20260429163710.9
008 Кодируемые данные 260429s2026 RU y f j 000 0 rus u
020 Индекс ISBN __
a ISBN 978-5-534-00784-8
c Цена, тираж 949.00
040 Источник каталогиз. __
a Служба первич. каталог. ИКО Юрайт
c Служба, преобразующая запись ИКО Юрайт
e Правила каталог. RCR
041 Код языка издания __
a Код языка текста rus
044 Код страны публикации __
a Код страны публикации RU
080 Индекс УДК __
a Индекс УДК 159.9(075.8)
084 Индекс другой классификации/Индекс ББК __
2 Источник индекса rubbk
a Индекс другой классификации/Индекс ББК 88.8я73
100 Автор __
a Автор Савенков А. И.
q Полное имя Савенков Александр Ильич
245 Заглавие __
a Заглавие Психология воспитания
b Продолж. заглавия учебник для вузов
c Ответственность А. И. Савенков.
250 Сведения об издании __
a Основные сведения об издании 3-е изд.
256 Характеристики компьютерного файла __
a Характеристики компьютерного файла Электрон. дан.
260 Выходные данные __
a Место издания Москва
b Издательство Юрайт
c Дата издания 2026
300 Физическое описание __
a Объем 154 с
440 Серия __
a Серия Высшее образование
500 Примечания __
a Примечание URL: https://urait.ru/bcode/584090 (дата обращения: 29.04.2026).
520 Аннотация __
a Аннотация Автор курса является одним из ведущих специалистов в области диагностики и развития детской одаренности. Последнее свое исследование он посвятил проблемам педагогической психологии, которая является центральной дисциплиной цикла профессиональной подготовки бакалавров, обучающихся по направлениям «Психолого-педагогическое образование» и «Педагогическое образование». Материал, представленный в курсе, отражает широкий спектр проблем, который охватывает не только информационное поле, но и освещает зоны ее взаимных интересов с такими отраслями психологического знания, как психология развития, возрастная психология, социальная психология и др. Особое внимание уделено отношениям и проблемам взаимодействия педагогической психологии с современной образовательной практикой. После каждой главы приведены вопросы и задания для самопроверки.
538 Прим. о системных особенностях __
a Прим. о системных особенностях Режим доступа: Электронно-библиотечная система Юрайт, для авториз. пользователей
653 Ключевые слова __
a Ключевые слова Педагогическая психология
653 Ключевые слова __
a Ключевые слова Педагогика, психология, социальная работа
653 Ключевые слова __
a Ключевые слова Психология воспитания
653 Ключевые слова __
a Ключевые слова Психология обучения и воспитания
653 Ключевые слова __
a Ключевые слова Психология воспитания детей младшего школьного возраста
653 Ключевые слова __
a Ключевые слова Психология воспитания школьников
653 Ключевые слова __
a Ключевые слова Психология воспитания школьника
653 Ключевые слова __
a Ключевые слова Психология воспитания и обучения
856 Электронный адрес документа 40
n Местонахождение сервера Юрайт
g Электронная книга
q Тип электронного формата html
h Имя пользователя ЮРАЙТ
v Часы доступа к ресурсу 20271231
2 Способ доступа Показать документ
x Служебное примечание https://urait.ru/book/cover/EEBD2B15-BAEF-412D-98A6-BAA329111A2F
u URL https://urait.ru/bcode/584090
856 Электронный адрес документа 48
q Тип электронного формата cover
u URL https://urait.ru/book/cover/EEBD2B15-BAEF-412D-98A6-BAA329111A2F
911 __
u 0030=https://urait.ru/bcode/584090
911 __
u 073a=9785534007848
u 073d=949.00
911 __
u 106a=s
911 __
u 900l=
952 Тип литературы __
i Дисциплина Психология воспитания
952 Тип литературы __
i Дисциплина Психология обучения и воспитания
952 Тип литературы __
i Дисциплина Психология воспитания детей младшего школьного возраста
952 Тип литературы __
i Дисциплина Психология воспитания школьников
952 Тип литературы __
i Дисциплина Психология воспитания школьника
952 Тип литературы __
i Дисциплина Психология воспитания и обучения